00591nam a22002057a 450000500170000001000150001702000260003203500130005803500170007103700130008803700170010108200060011810000300012424500940015426000390024827000400028730000220032752000120034970000240036120170203145916.0 aENG-107516 a9788122201307c240.00 aEN-91049 aB-528083-102 bDBAD/PUB bKBD/Venadpl aN aChatterji, Bankim Chandra aAnandamath /cby Bankim Chandra Chatterji ; translated from Bengali by Basanta Koomar Roy aNew DelhibOrient Paperbacksc2012 a5A/8 Ansari RoadbNew Delhie110002 a167p. c22cm(pbk) a13-14EN aRoy, Basanta Koomar